000 00749nam a2200241 i 4500
001 bg
100 1 _aKARPOWICZ, Andrzej
_d(1948- )
245 1 0 _aAutor - wydawca :
_bporadnik prawa autorskiego /
_cAndrzej Karpowicz.
250 _aWyd. 3, stan prawny na dzień 9.09.1999 roku.
260 _aWarszawa :
_bWydawnictwa Prawnicze PWN,
_c1999.
300 _a412 s. ;
_c21 cm.
500 _aAneks częśc. tł. z ang., fr., niem. - Streszcz. ang.
504 _aBibliogr. s. 186.
650 9 _aPrawo autorskie
_zPolska
_ystan na 1999 r.
655 _aPoradniki
020 _a8387558850
040 _cBPK
041 1 _apl
_ben
_hen
080 _a347.78(438)
920 _a83-87558-85-0
942 _cKS
008 s pl f |000 0 pol
999 _c36070
_d36070
856 _uhttp://koha.tu.koszalin.pl/cgi-bin/koha/opac-detail.pl?biblionumber=36070
_yKatalog online BPK